000 00459nas a22001697i 4500
001 5916
003 OSt
005 20170126082350.0
007 tu
008 161220s1999 xxu||||| |||| 00| 0 d
024 7 _a5916
_2RID
024 7 _a5916
_2RSN (alt)
040 _cOSt
245 0 0 _aIDM Info - Sonderheft
_bZukunft ohne Grenzen
260 _aWien :
_bInstitut für den Donauraum und Mitteleuropa,
_c1999/11.
110 2 _aInstitut für den Donauraum und Mitteleuropa (IDM)
942 _cJ
999 _c5623
_d5623